HUMAN RESOURCE MANAGEMENT (Record no. 28592)

MARC details
000 -LEADER
fixed length control field 00352nam a2200133Ia 4500
008 - FIXED-LENGTH DATA ELEMENTS--GENERAL INFORMATION
fixed length control field 240624s9999 xx 000 0 und d
041 ## - LANGUAGE CODE
Language code of text/sound track or separate title eng
082 ## - DEWEY DECIMAL CLASSIFICATION NUMBER
Classification number 658.3 DES
100 ## - MAIN ENTRY--PERSONAL NAME
Personal name DESSLER GARY
245 ## - TITLE STATEMENT
Title HUMAN RESOURCE MANAGEMENT
250 ## - EDITION STATEMENT
Edition statement (15th ed.)
260 ## - PUBLICATION, DISTRIBUTION, ETC.
Date of publication, distribution, etc. 2003
Place of publication, distribution, etc. New Delhi
Name of publisher, distributor, etc. Prentice-Hall of India
300 ## - PHYSICAL DESCRIPTION
Extent xxxi, , 558 , 26 : p. : cm.
Holdings
Withdrawn status Lost status Damaged status Not for loan Home library Current library Shelving location Date acquired Full call number Barcode Date last seen Price effective from Koha item type
Store Books       IMTN IMTN Rack 24-B 03/28/2017 658.3 DES 28592 06/24/2024 06/24/2024 Books
Designed & Maintained by: LRC IMT Nagpur Contact: lrc@imtnag.ac.in© 2024. All Rights Reserved.